LEADER 00948nam a22002773i 4500 001 991003702529707536 005 20040528082813.0 008 040802s1971 it |||||||||||||||||ita 035 $ab1311444x-39ule_inst 035 $aARCHE-106705$9ExL 040 $aBiblioteca Interfacoltà$bita$cA.t.i. Arché s.c.r.l. Pandora Sicilia s.r.l. 082 04$a323.4 100 1 $aPescini, Metello$0489925 245 10$aAntipartito /$cMetello Pescini 260 $aMilano :$bGastaldi,$cstampa 1971 300 $a166 p. ;$c18 cm 440 0$aNarratori 500 $aIn cop.: Narratori d'oggi 650 4$aEguaglianza 650 4$aPartiti 907 $a.b1311444x$b02-04-14$c05-08-04 912 $a991003702529707536 945 $aLE002 Fondo Giudici P 920$g1$iLE002G-14703$lle002$nC. 1$o-$pE0.00$q-$rn$so $t0$u0$v0$w0$x0$y.i13749286$z05-08-04 996 $aAntipartito$9307945 997 $aUNISALENTO 998 $ale002$b05-08-04$cm$da $e-$fita$git $h0$i1 LEADER 01440nam 2200433 450 001 996483157603316 005 20231110211705.0 010 $a3-031-06794-0 035 $a(CKB)5700000000100451 035 $a(MiAaPQ)EBC7029174 035 $a(Au-PeEL)EBL7029174 035 $a(PPN)263897028 035 $a(EXLCZ)995700000000100451 100 $a20221227d2022 uy 0 101 0 $aeng 135 $aurcnu|||||||| 181 $ctxt$2rdacontent 182 $cc$2rdamedia 183 $acr$2rdacarrier 200 00$aArtificial intelligence and security$hPart I $e8th International Conference, ICAIS 2022, Qinghai, China, July 15-20, 2022, proceedings /$fXingming Sun [and three others], editors 210 1$aCham, Switzerland :$cSpringer International Publishing,$d[2022] 210 4$d©2022 215 $a1 online resource (734 pages) 225 1 $aLecture Notes in Computer Science ;$vv.13338 311 $a3-031-06793-2 410 0$aLecture Notes in Computer Science 606 $aArtificial intelligence$vCongresses 606 $aCloud computing$xSecurity measures$vCongresses 615 0$aArtificial intelligence 615 0$aCloud computing$xSecurity measures 676 $a006.3 702 $aSun$b Xingming 801 0$bMiAaPQ 801 1$bMiAaPQ 801 2$bMiAaPQ 906 $aBOOK 912 $a996483157603316 996 $aArtificial intelligence and security$91999223 997 $aUNISA LEADER 03357nam 2200625 a 450 001 9910783272003321 005 20230207223540.0 010 $a1-280-47121-2 010 $a0-19-802798-2 010 $a1-60256-266-0 035 $a(CKB)1000000000028882 035 $a(EBL)241399 035 $a(OCoLC)559853003 035 $a(SSID)ssj0000140013 035 $a(PQKBManifestationID)11146868 035 $a(PQKBTitleCode)TC0000140013 035 $a(PQKBWorkID)10028959 035 $a(PQKB)11316067 035 $a(MiAaPQ)EBC241399 035 $a(MiAaPQ)EBC4786936 035 $a(Au-PeEL)EBL241399 035 $a(CaPaEBR)ebr10085416 035 $a(EXLCZ)991000000000028882 100 $a19980610d1999 uy 0 101 0 $aeng 135 $aur|n|---||||| 181 $ctxt 182 $cc 183 $acr 200 10$aDispossessing the wilderness$b[electronic resource] $eIndian removal and the making of the national parks /$fMark David Spence 210 $aNew York $cOxford University Press$d1999 215 $a1 online resource (201 p.) 300 $aDescription based upon print version of record. 311 $a0-19-511882-0 320 $aIncludes bibliographical references (p. 141-179) and index. 327 $aCONTENTS; INTRODUCTION: From Common Ground; 1 Looking Backward and Westward: The ""Indian Wilderness"" in the Antebellum Era; 2 The Wild West, or Toward Separate Islands; 3 Before the Wilderness: Native Peoples and Yellowstone; 4 First Wilderness: America's Wonderland and Indian Removal from Yellowstone National Park; 5 Backbone of the World: The Blackfeet and the Glacier National Park Area; 6 Crowning the Continent: The American Wilderness Ideal and Blackfeet Exclusion from Glacier National Park; 7 The Heart of the Sierras, 1864-1916; 8 Yosemite Indians and the National Park Ideal, 1916-1969 327 $aCONCLUSION: Exceptions and the RuleNotes; Index; A; B; C; D; E; F; G; H; I; J; K; L; M; N; O; P; R; S; T; U; V; W; Y 330 $aNational parks like Yellowstone, Yosemite, and Glacier preserve some of this country's most cherished wilderness landscapes. While visions of pristine, uninhabited nature led to the creation of these parks, they also inspired policies of Indian removal. By contrasting the native histories of these places with the links between Indian policy developments and preservationist efforts, this work examines the complex origins of the national parks and the troubling consequences of the American wilderness ideal. The first study to place national park history within the context of the early reservatio 606 $aIndians of North America$xRelocation$zWest (U.S.) 606 $aWilderness areas$xGovernment policy$zUnited States 606 $aNational parks and reserves$xGovernment policy$zUnited States 606 $aNature conservation$xSocial aspects$zUnited States 615 0$aIndians of North America$xRelocation 615 0$aWilderness areas$xGovernment policy 615 0$aNational parks and reserves$xGovernment policy 615 0$aNature conservation$xSocial aspects 676 $a978/.00497 700 $aSpence$b Mark David$0851223 801 0$bMiAaPQ 801 1$bMiAaPQ 801 2$bMiAaPQ 906 $aBOOK 912 $a9910783272003321 996 $aDispossessing the wilderness$93721734 997 $aUNINA